Orange PCS Ltd v Bradford (VO) (Record no. 73043)

MARC details
000 -LEADER
fixed length control field 01469cam a2200253 4500
001 - CONTROL NUMBER
control field ABS66933
008 - FIXED-LENGTH DATA ELEMENTS--GENERAL INFORMATION
fixed length control field 111219e2003 000 0 eng u
035 ## - SYSTEM CONTROL NUMBER
System control number (Sirsi) u123007
245 ## - TITLE STATEMENT
Title Orange PCS Ltd v Bradford (VO)
260 ## - PUBLICATION, DISTRIBUTION, ETC.
Date of publication, distribution, etc. 2003
490 ## - SERIES STATEMENT
Series statement Rating Appeals
Volume/sequential designation [2003] RA 141-151(11)
520 ## - SUMMARY, ETC.
Summary, etc. RA/53/2001, 8 April 2003. Appellant (O) a licensed telecommunications operator under the Telecommunications Act 1984 was entitled to locate its apparatus on the public highway free of charge. O appealed against a Valuation Tribunal decision assessing the rateable value of the land at £1 100 on the grounds that its entitlement also extended to free rateable value. The LT held that the right of a telecommunications operator under the Telecommunications Act 1984 Sched 2 para 9(1) to locate his equipment in the highway without payment is to be disregarded in rating valuation. "Poplar Assessment Committee v Roberts" ([1922] 2 AC 93) applied. Appeal dismissed.
590 ## - LOCAL NOTE (RLIN)
Local note ABS
650 ## - SUBJECT ADDED ENTRY--TOPICAL TERM
Topical term or geographic name entry element ORANGE PCS LTD V BRADFORD (VO)
650 ## - SUBJECT ADDED ENTRY--TOPICAL TERM
Topical term or geographic name entry element TELECOMMUNICATIONS ACT 1984 SCHED 2
650 ## - SUBJECT ADDED ENTRY--TOPICAL TERM
Topical term or geographic name entry element TELECOMMUNICATIONS CODE
650 ## - SUBJECT ADDED ENTRY--TOPICAL TERM
Topical term or geographic name entry element RATEABLE VALUE
650 ## - SUBJECT ADDED ENTRY--TOPICAL TERM
Topical term or geographic name entry element POPLAR ASSESSMENT COMMITTEE V ROBERTS
650 ## - SUBJECT ADDED ENTRY--TOPICAL TERM
Topical term or geographic name entry element RATING ASSESSMENTS
650 ## - SUBJECT ADDED ENTRY--TOPICAL TERM
Topical term or geographic name entry element ANNUAL VALUE
690 ## - LOCAL SUBJECT ADDED ENTRY--TOPICAL TERM (OCLC, RLIN)
Topical term or geographic name as entry element RATING AND LOCAL TAXATION-CASE LAW
856 ## - ELECTRONIC LOCATION AND ACCESS
Uniform Resource Identifier <a href="https://www.bailii.org/ew/cases/EWLands/2003/RA_53_2001.html">https://www.bailii.org/ew/cases/EWLands/2003/RA_53_2001.html</a>
Public note View the judgment free of charge at www.bailii.org
942 ## - ADDED ENTRY ELEMENTS (KOHA)
Suppress in OPAC 0
Holdings
Withdrawn status Lost status Source of classification or shelving scheme Damaged status Not for loan Home library Current library Shelving location Date acquired Total Checkouts Full call number Barcode Date last seen Copy number Price effective from Koha item type
    Dewey Decimal Classification     London London Journal article 15/07/2003   ABS66933 123007-1001 06/08/2019 1 06/08/2019 Law report